000 01100nam a2200301Ia 4500
001 Para_8843
003 CHAP
008 220125s2003 xx 000 0 und d
010 _a207606
040 _cCHAP
090 _aPA TESIS 1805
100 _aPérez Aspiri, Gerardo
_989521
245 _aUso de insumos biorracionales en el control de mosquita blanca (Homóptera :
_bAleyrodidae), en cultivo de jitomate (Lycopersicon esculentum Mill.) en condiciones de invernadero en Chapingo, México /
_c por Gerardo Pérez Aspiri
260 _aChapingo, Méx. :
_b el autor
300 _a48 h.
502 _aTesis (Ing. Agr. Esp. en Parasitología Agrícola) -- UACh. Departamento Parasitología Agrícola
650 _aBemisia tabaci
_911496
650 _aTomate
_x plagas
_9113748
650 _aTrialeurodes vaporariorum
_9114900
710 _aUACh. Departamento Parasitología Agrícola
_9164025
901 _aPA TESIS 1805
902 _aA
905 _a0000002003 in 0000000000 00
910 _a2003
942 _cPARA
942 _cPARA
_d1
999 _c207606
_d207606